| 000 | 00353nam a2200133Ia 4500 | ||
|---|---|---|---|
| 008 | 240624s9999 xx 000 0 und d | ||
| 041 | _aeng | ||
| 082 | _a332.01 HOU | ||
| 100 | _aHOUT KAREL IN T | ||
| 245 | _aNUMERICAL PARTIAL DIFFERENTIAL EQUATIONS | ||
| 260 |
_c2017 _aLondon _bPalgrave Macmillan |
||
| 300 | _axv, 128 p.; 23 cm. | ||
| 365 |
_cERU _b35 |
||
| 999 |
_c31698 _d31698 |
||